Genetics and the behavior of domestic animals

সংরক্ষণ করুন:
গ্রন্থ-পঞ্জীর বিবরন
বিন্যাস: গ্রন্থ
ভাষা:Undetermined
প্রকাশিত: San Diego Academic Press 1998
বিষয়গুলি:
ট্যাগগুলো: ট্যাগ যুক্ত করুন
কোনো ট্যাগ নেই, প্রথমজন হিসাবে ট্যাগ করুন!
Thư viện lưu trữ: Trung tâm Học liệu Trường Đại học Cần Thơ
LEADER 00587nam a2200205Ia 4500
001 CTU_125784
008 210402s9999 xx 000 0 und d
082 |a 599 
082 |b G328 
245 0 |a Genetics and the behavior of domestic animals 
245 0 |c Edited by Temple Grandim 
260 |a San Diego 
260 |b Academic Press 
260 |c 1998 
526 |a Tập tính động vật 
526 |b SP431 
650 |a Domestic animals,Domestic animals 
650 |x Behavior,Genetics 
904 |i Hiếu 
980 |a Trung tâm Học liệu Trường Đại học Cần Thơ